Fundamentals of sales and distribution management / (Record no. 20482)

MARC details
000 -LEADER
fixed length control field 00575nam a22001817a 4500
003 - CONTROL NUMBER IDENTIFIER
control field OSt
008 - FIXED-LENGTH DATA ELEMENTS--GENERAL INFORMATION
fixed length control field 240514b2012 |||||||| |||| 00| 0 eng d
020 ## - INTERNATIONAL STANDARD BOOK NUMBER
International Standard Book Number 9789380578910
082 ## - DEWEY DECIMAL CLASSIFICATION NUMBER
Classification number 658.8
Item number DUT-F
100 ## - MAIN ENTRY--PERSONAL NAME
Personal name Dutta, Bholanath.
245 ## - TITLE STATEMENT
Title Fundamentals of sales and distribution management /
Statement of responsibility, etc Bholanath Dutta.
260 ## - PUBLICATION, DISTRIBUTION, ETC. (IMPRINT)
Place of publication, distribution, etc New Delhi :
Name of publisher, distributor, etc I.K. International Publishing House PVT,
Date of publication, distribution, etc 2011.
300 ## - PHYSICAL DESCRIPTION
Extent / Pages xiv, 281 p. ;
650 ## - SUBJECT ADDED ENTRY--TOPICAL TERM
Topical term or geographic name as entry element Marketing channels - Management
650 ## - SUBJECT ADDED ENTRY--TOPICAL TERM
Topical term or geographic name as entry element Physical distribution of goods - Management
650 ## - SUBJECT ADDED ENTRY--TOPICAL TERM
Topical term or geographic name as entry element Sales management
942 ## - ADDED ENTRY ELEMENTS (KOHA)
Source of classification or shelving scheme
Koha item type Books
Holdings
Withdrawn status Lost status Source of classification or shelving scheme Damaged status Not for loan Home library Current library Date acquired Source of acquisition Currency Cost, normal purchase price Full call number Barcode Date last seen Copy number Bill Date Koha item type Bill Number
          SOBD Library SOBD Library 11/04/2024 Vedi Books INR 485.00 658.8 DUT-F1 005024 14/05/2024 1 11/04/2024 Reference Books VEDI/24-25/04/08
          SOBD Library SOBD Library 11/04/2024 Vedi Books INR 485.00 658.8 DUT-F2 005025 14/05/2024 2 11/04/2024 Books VEDI/24-25/04/08
          SOBD Library SOBD Library 11/04/2024 Vedi Books INR 485.00 658.8 DUT-F3 005026 14/05/2024 3 11/04/2024 Books VEDI/24-25/04/08
          SOBD Library SOBD Library 11/04/2024 Vedi Books INR 485.00 658.8 DUT-F4 005027 14/05/2024 4 11/04/2024 Books VEDI/24-25/04/08
          SOBD Library SOBD Library 11/04/2024 Vedi Books INR 485.00 658.8 DUT-F5 005028 14/05/2024 5 11/04/2024 Books VEDI/24-25/04/08
          SOBD Library SOBD Library 11/04/2024 Vedi Books INR 485.00 658.8 DUT-F6 005029 14/05/2024 6 11/04/2024 Books VEDI/24-25/04/08
          SOBD Library SOBD Library 11/04/2024 Vedi Books INR 485.00 658.8 DUT-F7 005030 14/05/2024 7 11/04/2024 Books VEDI/24-25/04/08
          SOBD Library SOBD Library 11/04/2024 Vedi Books INR 485.00 658.8 DUT-F8 005031 14/05/2024 8 11/04/2024 Books VEDI/24-25/04/08
          SOBD Library SOBD Library 11/04/2024 Vedi Books INR 485.00 658.8 DUT-F9 005032 14/05/2024 9 11/04/2024 Books VEDI/24-25/04/08
          SOBD Library SOBD Library 11/04/2024 Vedi Books INR 485.00 658.8 DUT-F10 005033 14/05/2024 10 11/04/2024 Books VEDI/24-25/04/08
          SOBD Library SOBD Library 11/04/2024 Vedi Books INR 485.00 658.8 DUT-F11 005034 14/05/2024 11 11/04/2024 Books VEDI/24-25/04/08
          SOBD Library SOBD Library 11/04/2024 Vedi Books INR 485.00 658.8 DUT-F12 005035 14/05/2024 12 11/04/2024 Books VEDI/24-25/04/08
Hosted, Implemented, Customized & Maintained by: BestBookBuddies

Powered by Koha